| 000 | 00795nam a22002057a 4500 | ||
|---|---|---|---|
| 999 |
_c19724 _d19724 |
||
| 003 | AR-CdUCM | ||
| 008 | 190521b ||||| |||| 00| 0 spa d | ||
| 040 |
_aMUNICIPALIDAD PROVINCIAL DEL CUSCO _cBIBLIOTECA MUNICIPAL DEL CUSCO |
||
| 082 |
_a657.48 / _bG71 |
||
| 100 |
_aGonzalez Vargas, Juan Ramon _941256 |
||
| 245 | _aEl flujo de caja como nuevo estado financiero básico en el Perú / | ||
| 260 |
_aLima : _bManuel Chahu, _c1990. |
||
| 300 |
_a144 páginas ; _c25 cm. |
||
| 505 | _aContenido : Asientos de diario del movimiento de operaciones -- Mayorización -- Hoja de trabajo para el desarrollo del flujo de caja modelo N° 01... | ||
| 650 |
_aEmpresa industrial _941257 |
||
| 650 |
_aFlujo de caja _941258 |
||
| 650 |
_aBalance general _941259 |
||
| 942 |
_2ddc _cLIBROS |
||
| 945 | _arcc | ||